000 00299nam a2200109Ia 4500
008 230907s9999||||xx |||||||||||||| ||und||
082 _a351,DEV
245 0 _aDeveloping country perspectives on publics service delivery/
260 _aSpringer
_bNew York
_c2015
300 _axix, 293p.:
942 _cBK
999 _c597503
_d597503